Toán giải tích chọn lọc 12 : Dùng cho học sinh khá, giỏi, chuyên toán; Thi học sinh giỏi, thi tú tài và đại học /

সংরক্ষণ করুন:
গ্রন্থ-পঞ্জীর বিবরন
প্রধান লেখক: Trần Văn Kỷ.
বিন্যাস: Sách giấy
ভাষা:Vietnamese
প্রকাশিত: Tp. Hồ Chí Minh : Nxb. Tp. Hồ Chí Minh, 1998.
সংস্করন:Xuất bản lần thứ hai có sửa chữa và bổ sung
বিষয়গুলি:
ট্যাগগুলো: ট্যাগ যুক্ত করুন
কোনো ট্যাগ নেই, প্রথমজন হিসাবে ট্যাগ করুন!
Thư viện lưu trữ: Thư viện Trường Đại học Đà Lạt
LEADER 00978nam a2200337 4500
001 DLU090103175
005 ##20091230
040 # # |a DLU  |b vie 
041 # # |a vie 
044 # # |a vn 
082 # # |a 515.076  |b TR-K 
100 # # |a Trần Văn Kỷ. 
245 # # |a Toán giải tích chọn lọc 12 :  |b Dùng cho học sinh khá, giỏi, chuyên toán; Thi học sinh giỏi, thi tú tài và đại học /  |c Trần Văn Kỷ. 
246 # # |a Toán chọn lọc giải tích 12 
250 # # |a Xuất bản lần thứ hai có sửa chữa và bổ sung 
260 # # |a Tp. Hồ Chí Minh :  |b Nxb. Tp. Hồ Chí Minh,  |c 1998. 
300 # # |a 519 tr. ;  |c 21 cm. 
653 # # |a Sách bài tập 
653 # # |a Toán giải tích 
923 # # |a 15/2009 
991 # # |a GT 
992 # # |a 29000 
993 # # |a 1998 
994 # # |a DLU 
900 # # |a True 
911 # # |a Đào Thị Thu Huyền 
925 # # |a G 
926 # # |a A 
927 # # |a SH 
980 # # |a Thư viện Trường Đại học Đà Lạt